02810nam a2200397Ia 450000500170000000800410001708200190005810000340007724500910011125000230020230000540022549000650027950002360034450000520058060000760063265000350070870000310074394200120077426400270078633600270081333700330084033800280087304000350090199900150093695201280095195201350107995201360121495201330135095201320148395201310161595201350174695201320188195201320201395201340214595201330227920220317001639.0161213s2014 ck o 000 0 spa 04a927.8092bB17s1 aSalcedo Ramos, Albertod1963-10aHomenaje a José Barrosctexto de Alberto Salcedo Ramos ; fotos de Juan Ruy Castaño aEdición especial a63 páginasbfotografías en colorc21 cmd1 CD aPlan Nacional de Lectura y Escritura Leer es mi Cuento. 2016 aEn cubierta: Perfil escrito por Alberto Salcedo Ramos + CD con versiones de La Piragua de Adriana Lucía, Andrés Cepeda, Carlos Vives, Chabuco, Cholo Valderrama, Herencia de Timbiquí, Fonseca, Monsieur Periné y Toño Arnedo aIncluye datos biográficos del autor en solapa14aBarros Palomino, José Benitod1915-2007xHomenajes póstumos 984306142LEMBaCompositores colombianos1 aRuy Castaño, Juan984307 2ddccBK aBogotábSemanac2016 atextobtxt2rdacontent asin mediaciónbn2rdamedia avolumenbnc2rdacarrier aCO-BoRNBPbspaerdacCO-BoRNBP c7652d7652 00102ddc40708GENaMEGRANADbMEGRANADcGEOd2022-11-11l0o927.8092pGRA11919r2022-11-11 00:00:00tEj.1w2022-11-11yBK 00102ddc40708GENaMEGUAMALbMEGUAMALcGENd2023-04-19l0o927.8092 B17spGUA003253r2023-04-19 00:00:00tEj.1w2023-04-19yBK 00102ddc40708GENaMEMAPIRIbMEMAPIRIcGENd2024-01-10l0o927.8092 B17spMAP00001629r2024-01-10 21:48:37tEj.1w2024-01-10yBK 00102ddc40708GENaMEDORADObMEDORADOcGENd2024-02-23l0o927.8092 B17spDOR03229r2024-02-23 20:23:39tEj.1w2024-02-23yBK 00102ddc40708GENaMESGUARObMESGUAROcGENd2024-07-09l0o927.8092 B17spSG01933r2024-07-09 08:57:21tEj.1w2024-07-09yBK 00102ddc40708GENaMEURIBEbMEURIBEcGENd2024-08-26l0o927.8092 B17spURI01274r2024-08-26 09:24:41tEj.1w2024-08-26yBK 00102ddc40708GENaMEPLLERASbMEPLLERAScGENd2025-01-22l0o927.8092 B17spPLL01742r2025-01-22 10:02:23tEj.1w2025-01-22yBK 00102ddc40708GENaMECASTILbMECASTILcGENd2025-07-01l0o927.8092 B17spEC01723r2025-07-01 15:47:16tEj.1w2025-07-01yBK 00102ddc40708GENaMESGUARObMESGUAROcGENd2025-07-07l0o927.8092 B17spSG03529r2025-07-07 10:53:26tEj.1w2025-07-07yBK 00102ddc40708GENaMEPCONCObMEPCONCOcGENd2026-01-20l0o927.8092 B17spPCON00212r2026-01-20 19:43:07tEj.1w2026-01-20yBK 00102ddc40708GENaMELEJANIbMELEJANIcGENd2026-01-27l0o927.8092 B17spLEJ01956r2026-01-27 16:35:40tEj.1w2026-01-27yBK